000 00973nmm a2200289 a 4500
001 ocm0001916964
003 TR-IsHL
005 20201028173119.0
008 180905s2018 tu tur
007 cr cn
020 _a9786059530514
035 _a1916964
_b(N$T)
050 0 4 _aPL234
_b.E78 2018
090 0 4 _aPL234
_b.E78 2018
100 1 _aErsan, Mehmet Özgür
245 1 0 _a7 ulu ozanlar
_h[electronic resource] /
_cMehmet Özgür Ersan
260 _aİstanbul :
_bSalon Yayınları,
_c2018
300 _a560 p.
650 4 _aDil ve Edebiyat
650 4 _aLanguage and Literature
650 0 _aTürk şiiri
_x Eleştiri ve yorum
650 0 _aTurkish poetry
_x Criticism and interpretation
650 0 _aŞairler
_x Türkiye
_x Biyografi
650 0 _aPoets, Turkish
_x Biography
650 7 _aLITERARY CRITICISM / Middle Eastern
_2bisacsh
856 4 0 _uhttp://search.ebscohost.com/login.aspx?direct=true&scope=site&db=e011xww&AN=1916964
999 _c17536
_d17536